| 000 | 01274nab a22003017a 4500 | ||
|---|---|---|---|
| 999 |
_c6465 _d6465 |
||
| 003 | OSt | ||
| 005 | 20260209095528.0 | ||
| 008 | 190506c xxu||||| |||| 00| 0 spa d | ||
| 040 | _cPJ | ||
| 100 |
_95715 _aAntacli, Graciela C. |
||
| 245 | 1 | 0 |
_aTutela judicial efectiva y rápida ante la irregularidad administrativa / _cRafael E. Toledo Ríos. |
| 260 |
_aBuenos Aires : _bAbeledoPerrot, _c2025. |
||
| 300 | _ap. 3-8 | ||
| 500 | _aCita: TR LALEY AR/DOC/147/2025 | ||
| 505 | _aSumario: I. Introducción.— II. La IA y su impacto en la gestión de la prevención y salud y seguridad en el trabajo.— III. A modo de conclusión.— IV. Referencias bibliográficas. | ||
| 505 | _t¿Te interesa el texto completo? Comunicate al correo: koha@justierradelfuego.gov.ar | ||
| 650 | 0 |
_91316 _aDERECHO LABORAL |
|
| 650 | 0 |
_9289 _aTECNOLOGIA DE LA INFORMACION |
|
| 650 | 0 |
_96081 _aCIENCIA Y TECNOLOGÍA |
|
| 650 | 0 |
_95233 _aPANDEMIA |
|
| 650 | 0 |
_95817 _aINTELIGENCIA ARTIFICIAL |
|
| 650 | 0 |
_9273 _aDERECHO INFORMATICO |
|
| 650 | 0 |
_9281 _aINTERNET |
|
| 650 | 0 |
_94439 _aTELETRABAJO |
|
| 650 | 0 |
_91323 _aCONTRATO DE TRABAJO |
|
| 773 | 0 |
_02751 _93202 _dBuenos Aires : AbeledoPerrot, 2013- _tRevista de derecho laboral y seguridad social. Nº 5 - Marzo 2025 |
|
| 942 |
_2udc _cANA |
||